| 000 | 00680nam a2200193 a 4500 | ||
|---|---|---|---|
| 003 | 0 | ||
| 005 | 20250422112829.0 | ||
| 008 | 060729s19uu xx 00 eng d | ||
| 050 |
_aPHS HQ 759.4 _b.D45 2006 |
||
| 100 | _aDeiparine, Luiz Romulo N. | ||
| 245 |
_aPerceptions of the only child in the family on relational maturity / _cLuiz Romulo N. Deiparine. |
||
| 260 |
_aLas PiƱas City, Philippines : _bSouthville International School and Colleges, _c2006. |
||
| 300 |
_a19 pages : _billustrations ; _c28 cm. |
||
| 504 | _aIncludes bibliographical references. | ||
| 650 | _aOnly child. | ||
| 650 | _aFamily relationships. | ||
| 650 | _aRelational maturity. | ||
| 942 |
_2lcc _cPASS |
||
| 999 |
_c97596 _d97596 |
||